| 000 | 01751aam a2200349 i 4500 | ||
|---|---|---|---|
| 001 | 768714001 | ||
| 003 | CO-MdFUSB | ||
| 005 | 20231111112718.0 | ||
| 007 | ta | ||
| 008 | 231101t20062006spa||||g |||| 00| 0 spa d | ||
| 020 | _a8478715665 | ||
| 040 |
_aCO-MdFUSB _bspa _cCO-MdFUSB _dCO-MdFUSBC _erda |
||
| 041 |
_aspa _heng |
||
| 082 |
_223 _a813.54 _bB355 |
||
| 100 |
_aBaxter, Charles, _eautor |
||
| 240 | _aFirst light | ||
| 245 |
_aPrimera luz _c/ Charles Baxter ; traducido por Jordi Fibla |
||
| 250 | _aPrimera edición | ||
| 264 | 1 |
_aBarcelona, España : _bRBA, _c[2006] |
|
| 264 | 4 | _c©2006 | |
| 300 |
_a317 páginas _c; 24 cm |
||
| 336 |
_2rdacontent _atexto _btxt |
||
| 337 |
_2rdamedia _asin mediación _bn |
||
| 338 |
_2rdacarrier _avolumen _bnc |
||
| 520 | _aCharles Baxter habla de cómo fueron las vidas de Hugh y Dorsey, nacidos y criados en una pequeña población de Michigan, a quienes conocemos de adultos. Y mientras repasa sus vidas --revela las experiencias que supusieron las disparidades que los separan y los contradictorios vínculos de amor que los unen--, parece hablar de nuestras propias historias, de la historia de hombres y mujeres que intentan salir adelante sin apartarse de aquellos valores en los que siempre creyeron. Primera luz avanza a través de los detalles cotidianos con el inexorable empujón de la memoria. Es ésta una novela plagada de tristeza y humor, de una fuerza extraordinaria, reflexiva y compleja. Baxter tiene, sin duda, una percepción de las relaciones humanas y del amor en la que muchos nos veremos reflejados. | ||
| 563 | _aRústico. | ||
| 650 | 0 |
_9292 _aFamilias |
|
| 653 | _aNovelas | ||
| 700 |
_92402 _aFibla, Jordi. _etraductor |
||
| 942 | _cBK | ||
| 945 | _asor1564 | ||
| 999 |
_c69253 _d69253 |
||